Hearts2Hearts - Toutes les chansons - Statistiques

Statistiques générales
  • Ce quiz a été pris 28 fois
    16 depuis la dernière actualisation
  • Le résultat moyen est 6 sur 9
Statistiques - réponses
Hint Réponse % Correct
Singles 2026 RUDE!
100%
The Chase 1 The Chase
100%
FOCUS 1 FOCUS
75%
The Chase 2 Butterflies
63%
FOCUS 2 Apple Pie
63%
FOCUS 3 Pretty Please
63%
FOCUS 6 STYLE
63%
FOCUS 5 Blue Moon
38%
FOCUS 4 Flutter
25%
Aucun quiz correspondant
Distribution des résultats
% des personnes avec chaque résultat
Percentile par nombre de réponses
Votre historique - résultats
Vous n’avez pas pris ce quiz depuis la dernière actualisation